Juventus vs Atlético de Madrid 3-0 Starting XI + Substitutes - Statistics

General Stats
  • This quiz has been taken 58 times
  • The average score is 17 of 28
Answer Stats
Position FotMob Rating Player % Correct
LW 9.7, 3 goals Cristiano Ronaldo
98%
LCB 7.6 Giorgio Chiellini
90%
RCB 7.0 Leonardo Bonucci
86%
GK 4.6 Jan Oblak
84%
Manager Diego Simeone
82%
Manager Massimiliano Allegri
82%
GK 6.9 Wojciech Szczesny
80%
LB (sub) ---> 67' 6.5 Paulo Dybala
78%
RS 5.9 Álvaro Morata
76%
LCB 6.1 Diego Godin
74%
RCM 6.9 Emre Can
74%
RM 5.8 Koke
74%
LS 5.5 Antoine Griezmann
72%
RW 7.7, 1 assist Federico Bernardeschi
72%
RB 8.4, 1 assist João Cancelo
70%
RCB 6.7 José Giménez
60%
ST (sub) ---> 80' 5.8 Moise Kean
60%
LCM 7.4 Blaise Matuidi
58%
ST <--- 80' 5.6 Mario Mandzukic
58%
CDM 7.0 Miralem Pjanic
58%
LM <--- 57' 6.7 Thomas Lemar
50%
LM (sub) ---> 57' 5.7 Ángel Correa
48%
LB 5.7 Juanfran
44%
LB <--- 67' 6.7 Leonardo Spinazzola
44%
RB <--- 77' 7.2 Santiago Arias
26%
LCM 6.8 Saul Niguez
22%
RCM 6.2 Rodri
14%
RB (sub) ---> 77' 5.7 Vitolo
10%
No matching quizzes found
Score Distribution
Percent of People with Each Score
Percentile by Number Answered
Your Score History
You have not taken this quiz